[Event "Zhukovsky-chA"]
[Site "Zhukovsky"]
[Date "2010.04.01"]
[Round "3"]
[White "Chapurin, Alexey V"]
[Black "Scheglov, Andrey"]
[Result "1-0"]
[WhiteElo "2280"]
[BlackElo "2178"]
[PlyCount "89"]
[EventDate "2010.04.01"]
[EventType "swiss"]
[EventRounds "9"]
[EventCountry "RUS"]
[SourceTitle "EXT 2022"]
[Source "ChessBase"]
[SourceDate "2021.10.06"]
[SourceVersion "1"]
[SourceVersionDate "2021.10.06"]
[SourceQuality "1"]

1. c4 Nf6 2. Nc3 c5 3. g3 e6 4. e4 Nc6 5. Bg2 Be7 6. Nge2 0-0 7. 0-0 d6 8. d3 a6 9. h3 Rb8 10. a4 Qc7 11. Be3 Rd8 12. Rc1 b6 13. Qd2 Bb7 14. f4 Na5 15. Qc2 Rbc8 16. f5 d5 17. cxd5 exd5 18. Bf4 Bd6 19. Nxd5 Bxd5 20. exd5 Be5 21. b4 Nb7 22. bxc5 Bxf4 23. Nxf4 bxc5 24. Qc4 Nd6 25. Qxa6 Nxf5 26. Kh2 Nxg3 27. Kxg3 Nh5+ 28. Kg4 f5+ 29. Kxh5 Rd6 30. Qxc8+ Qxc8 31. Kh4 g5+ 32. Kxg5 Qd8+ 33. Kxf5 Rf6+ 34. Kg4 Qc7 35. Kg3 Qe5 36. Rc4 h5 37. Kh2 h4 38. Re4 Qg5 39. Kh1 Qg3 40. Rf3 Qg5 41. Kh2 Kh7 42. Ne6 Qh6 43. Rxf6 Qxf6 44. d6 Qf2 45. d7 1-0

[Event "Zhukovsky-chA"]
[Site "Zhukovsky"]
[Date "2010.04.01"]
[Round "5"]
[White "Ibragimov, Ali"]
[Black "Scheglov, Andrey"]
[Result "0-1"]
[WhiteElo "2082"]
[BlackElo "2178"]
[PlyCount "90"]
[EventDate "2010.04.01"]
[EventType "swiss"]
[EventRounds "9"]
[EventCountry "RUS"]
[SourceTitle "EXT 2022"]
[Source "ChessBase"]
[SourceDate "2021.10.06"]
[SourceVersion "1"]
[SourceVersionDate "2021.10.06"]
[SourceQuality "1"]

1. e4 c5 2. Nf3 d6 3. d4 cxd4 4. Nxd4 Nf6 5. Nc3 a6 6. Bg5 e6 7. f4 Be7 8. Qf3 Qc7 9. 0-0-0 Nbd7 10. g4 b5 11. Bxf6 Nxf6 12. g5 Nd7 13. Bd3 Bb7 14. Rhe1 Nc5 15. h4 b4 16. Nce2 d5 17. e5 g6 18. Ng3 0-0-0 19. Kb1 h5 20. f5 exf5 21. Ngxf5 gxf5 22. Qxf5+ Kb8 23. Qxf7 Rdf8 24. Qg7 Nxd3 25. Rxd3 Rc8 26. Rf3 Qb6 27. Qxe7 Qxd4 28. Rf7 Qb6 29. g6 Rhe8 30. Qg5 Qc5 31. Qg2 Qc4 32. Qf2 d4 33. g7 d3 34. cxd3 Qxd3+ 35. Ka1 Qc4 36. Qf4 Qxf4 37. Rxf4 Rxe5 38. Ref1 Re7 39. Rxb4 Rxg7 40. a4 Rg4 41. Rff4 Rcg8 42. Kb1 Rxf4 43. Rxf4 Rg4 44. Rf8+ Ka7 45. b3 Rxh4 0-1

[Event "Zhukovsky-chA"]
[Site "Zhukovsky"]
[Date "2010.04.01"]
[Round "9"]
[White "Scheglov, Andrey"]
[Black "Avetisyan, Aleksey"]
[Result "1-0"]
[WhiteElo "2178"]
[BlackElo "2065"]
[PlyCount "111"]
[EventDate "2010.04.01"]
[EventType "swiss"]
[EventRounds "9"]
[EventCountry "RUS"]
[SourceTitle "EXT 2022"]
[Source "ChessBase"]
[SourceDate "2021.10.06"]
[SourceVersion "1"]
[SourceVersionDate "2021.10.06"]
[SourceQuality "1"]

1. Nf3 Nf6 2. d4 d6 3. c4 Nbd7 4. Nc3 e5 5. e4 c6 6. Be2 Be7 7. 0-0 0-0 8. Re1 Re8 9. Bf1 Qc7 10. h3 a6 11. Be3 Bf8 12. Rc1 Qa5 13. d5 c5 14. a3 Rb8 15. Rb1 Qc7 16. Qd3 Be7 17. b4 b6 18. Na4 h6 19. Rb2 Bb7 20. Rc1 Rec8 21. g3 Kh7 22. Nd2 Ne8 23. Nc3 Qd8 24. b5 a5 25. f4 Bf6 26. f5 Bg5 27. Bf2 h5 28. Re1 Nef6 29. Nf3 Bh6 30. Be3 Bxe3+ 31. Qxe3 Qh8 32. Rg2 Kg8 33. g4 Kf8 34. g5 Ng8 35. Nh4 Ke8 36. Be2 f6 37. Qf3 fxg5 38. Qxh5+ Qxh5 39. Bxh5+ Kd8 40. Rxg5 Ngf6 41. Bg4 Ne8 42. Ng6 Ndf6 43. Nf8 Ke7 44. Ne6 Kf7 45. Kf2 Nh7 46. Bh5+ Kg8 47. Rg3 Nhf6 48. Bxe8 Nxe8 49. Reg1 Kh8 50. Nxg7 Rc7 51. Nxe8 Rxe8 52. Na4 Rh7 53. Nxb6 Rh4 54. Ke3 Bc8 55. Rf3 Rf8 56. Rg6 1-0

[Event "Zhukovsky-chA"]
[Site "Zhukovsky"]
[Date "2010.04.01"]
[Round "7"]
[White "Scheglov, Andrey"]
[Black "Vdovin, Dmitry"]
[Result "1-0"]
[WhiteElo "2178"]
[BlackElo "2302"]
[PlyCount "39"]
[EventDate "2010.04.01"]
[EventType "swiss"]
[EventRounds "9"]
[EventCountry "RUS"]
[SourceTitle "EXT 2022"]
[Source "ChessBase"]
[SourceDate "2021.10.06"]
[SourceVersion "1"]
[SourceVersionDate "2021.10.06"]
[SourceQuality "1"]

1. d4 d5 2. c4 dxc4 3. Nf3 Nf6 4. e3 Be6 5. Na3 Nc6 6. Nxc4 Qd5 7. Be2 0-0-0 8. 0-0 g5 9. Nfe5 Nxe5 10. Nxe5 Qd6 11. Qa4 Kb8 12. Bd2 Nd7 13. Bb4 Qb6 14. Rfc1 Nxe5 15. Ba5 Qxb2 16. Bxc7+ Ka8 17. Bxd8 Nc6 18. Rab1 Qxa2 19. Qb5 Nxd8 20. Bf3 1-0

[Event "Zhukovsky op-A"]
[Site "Zhukovsky"]
[Date "2010.01.??"]
[Round "5"]
[White "Scheglov, Andrey"]
[Black "Dzhaumutbaev, Erzhan"]
[Result "1-0"]
[WhiteElo "2178"]
[BlackElo "2076"]
[PlyCount "89"]
[EventDate "2010.01.??"]
[EventType "swiss"]
[EventRounds "7"]
[EventCountry "RUS"]
[SourceTitle "EXT 2012"]
[Source "ChessBase"]
[SourceDate "2011.11.24"]
[SourceVersion "1"]
[SourceVersionDate "2011.11.24"]
[SourceQuality "1"]

1. d4 Nf6 2. c4 g6 3. Nc3 Bg7 4. e4 d6 5. f3 0-0 6. Be3 Nc6 7. Nge2 a6 8. Qd2 Rb8 9. a3 b5 10. cxb5 axb5 11. b4 Bd7 12. d5 Ne5 13. Nd4 Qe8 14. Be2 c5 15. dxc6 Bxc6 16. 0-0 Qd7 17. Rfc1 Ne8 18. Nxc6 Nxc6 19. Bxb5 Rxb5 20. Nxb5 Bxa1 21. Rxa1 Ne5 22. a4 f5 23. exf5 Rxf5 24. Nd4 Rf7 25. b5 Nc4 26. Qe2 d5 27. Nc6 e5 28. Bf2 Qf5 29. Re1 e4 30. Bc5 Ned6 31. Bxd6 Nxd6 32. fxe4 dxe4 33. h3 Qc5+ 34. Qe3 Qc2 35. Qd4 Nf5 36. Qxe4 Qc5+ 37. Kh2 Qa3 38. Qe8+ Rf8 39. Qe6+ Kg7 40. Qe5+ Kh6 41. a5 Qa4 42. Rf1 Qc2 43. Qf4+ g5 44. Qf2 Qd3 45. Nd4 1-0

[Event "Zhukovsky op-A"]
[Site "Zhukovsky"]
[Date "2009.01.??"]
[Round "2"]
[White "Scheglov, Andrey"]
[Black "Kukushkin, Sergey"]
[Result "1-0"]
[WhiteElo "2153"]
[BlackElo "2015"]
[PlyCount "35"]
[EventDate "2009.01.??"]
[EventType "swiss"]
[EventRounds "7"]
[EventCountry "RUS"]
[SourceTitle "EXT 2012"]
[Source "ChessBase"]
[SourceDate "2011.11.24"]
[SourceVersion "1"]
[SourceVersionDate "2011.11.24"]
[SourceQuality "1"]

1. d4 Nf6 2. Nf3 e6 3. c4 Be7 4. Nc3 b6 5. e4 0-0 6. Bd3 Bb7 7. h4 d6 8. e5 Ne8 9. Bxh7+ Kh8 10. Ng5 dxe5 11. Bd3 g6 12. h5 Kg7 13. hxg6 Bxg5 14. Rh7+ Kg8 15. Qh5 Qf6 16. g7 Qxg7 17. Rxg7+ Kxg7 18. Qxg5+ 1-0

[Event "Zhukovsky op-A"]
[Site "Zhukovsky"]
[Date "2008.11.28"]
[Round "4"]
[White "Kolganov, Aleksandr"]
[Black "Scheglov, Andrey"]
[Result "0-1"]
[WhiteElo "1837"]
[BlackElo "2119"]
[PlyCount "84"]
[EventDate "2008.11.28"]
[EventType "swiss"]
[EventRounds "9"]
[EventCountry "RUS"]
[SourceTitle "EXT 2022"]
[Source "ChessBase"]
[SourceDate "2021.10.06"]
[SourceVersion "1"]
[SourceVersionDate "2021.10.06"]
[SourceQuality "1"]

1. e4 c5 2. Nf3 d6 3. d3 Nc6 4. g3 g6 5. Bg2 Bg7 6. 0-0 e6 7. c3 Nge7 8. d4 cxd4 9. cxd4 d5 10. e5 Bd7 11. Nc3 a6 12. a4 Rc8 13. Bd2 Nf5 14. Ne2 0-0 15. Rb1 Qb6 16. Bc3 a5 17. Qd2 Rfe8 18. b4 axb4 19. Bxb4 Nxb4 20. Rxb4 Qa6 21. Rfb1 Rc7 22. Bf1 Bf8 23. Rb6 Qxa4 24. Rxb7 Rxb7 25. Rxb7 Bc8 26. Rc7 Bb4 27. Qc1 Ba6 28. g4 Qb3 29. Qf4 Ne7 30. Ng5 Rf8 31. Qf6 Qd1 32. Nxe6 fxe6 33. Qxe6+ Kh8 34. Qxa6 Qe1 35. f4 Bd2 36. Qa3 Rxf4 37. Qa8+ Ng8 38. Nxf4 Be3+ 39. Kg2 Qf2+ 40. Kh3 Qxf1+ 41. Ng2 Qf3+ 42. Kh4 g5+ 0-1

[Event "Zhukovsky op-A"]
[Site "Zhukovsky"]
[Date "2008.11.28"]
[Round "8"]
[White "Scheglov, Andrey"]
[Black "Rybakov, Sergey1111"]
[Result "1-0"]
[WhiteElo "2119"]
[BlackElo "2189"]
[PlyCount "167"]
[EventDate "2008.11.28"]
[EventType "swiss"]
[EventRounds "9"]
[EventCountry "RUS"]
[SourceTitle "EXT 2022"]
[Source "ChessBase"]
[SourceDate "2021.10.06"]
[SourceVersion "1"]
[SourceVersionDate "2021.10.06"]
[SourceQuality "1"]

1. d4 Nf6 2. c4 c5 3. d5 b5 4. cxb5 a6 5. b6 Qxb6 6. Nc3 g6 7. e4 d6 8. Nf3 Bg7 9. Be2 0-0 10. 0-0 a5 11. Nd2 Ba6 12. Nc4 Bxc4 13. Bxc4 Nbd7 14. f4 Qb4 15. Qe2 Nb6 16. Bd3 a4 17. a3 Qa5 18. Bd2 c4 19. Bc2 Nfd7 20. Nxa4 Qa6 21. Nc3 Nc5 22. Rf3 Rfb8 23. Raf1 Nbd7 24. Bc1 Nb3 25. Bxb3 Rxb3 26. Nd1 Rab8 27. Rxb3 Rxb3 28. Ne3 Rd3 29. Kh1 Nc5 30. Nc2 Qb5 31. f5 Bxb2 32. fxg6 hxg6 33. Bg5 f6 34. Nb4 fxg5 35. Qxb2 Rb3 36. Qf2 Qe8 37. Nc6 Rb7 38. Qd4 c3 39. Qxc3 Nxe4 40. Qe1 Nc5 41. h3 e5 42. Qg3 Rf7 43. Rb1 Rf8 44. Qxg5 Qf7 45. Nd8 Qf6 46. Qxf6 Rxf6 47. Nc6 Rf7 48. Rb8+ Kg7 49. Rd8 Rf1+ 50. Kh2 Ne4 51. a4 Ra1 52. a5 g5 53. Ra8 Nc5 54. Rd8 Ne4 55. Rb8 Nc3 56. Rb7+ Kf6 57. Rd7 Ne4 58. Rh7 Kf5 59. Rf7+ Kg6 60. Rf8 Nf6 61. Rd8 Ne4 62. Ra8 Nc5 63. Nb4 Ra4 64. a6 Kg7 65. a7 Rxb4 66. Rb8 Ra4 67. a8Q Rxa8 68. Rxa8 Ne4 69. g3 Kf7 70. Kg2 Nc3 71. Ra5 Kf6 72. Ra6 Ke7 73. Ra7+ Kd8 74. Rg7 Nxd5 75. Rxg5 Ke7 76. h4 Kf6 77. Rg8 Ne7 78. Rd8 d5 79. g4 Ng6 80. Rd6+ Kf7 81. Kg3 d4 82. g5 Nf4 83. Rf6+ Kg7 84. Rxf4 1-0

[Event "Zhukovsky Elo-A"]
[Site "Zhukovsky"]
[Date "2008.01.20"]
[Round "9"]
[White "Poplevin, Alexander"]
[Black "Scheglov, Andrey"]
[Result "1/2-1/2"]
[WhiteElo "2136"]
[BlackElo "2164"]
[PlyCount "65"]
[EventDate "2008.01.02"]
[EventType "tourn"]
[EventRounds "9"]
[EventCountry "RUS"]
[SourceTitle "EXT 2010"]
[Source "ChessBase"]
[SourceDate "2010.11.25"]
[SourceVersion "1"]
[SourceVersionDate "2010.11.25"]
[SourceQuality "1"]

1. c4 e5 2. Nc3 Nc6 3. g3 Bc5 4. Bg2 d6 5. e3 Bf5 6. d3 Nge7 7. g4 Be6 8. h3 Qd7 9. a3 a5 10. Nge2 d5 11. d4 exd4 12. exd4 Ba7 13. c5 0-0 14. Be3 b6 15. cxb6 Bxb6 16. Nf4 Nd8 17. 0-0 c6 18. Na4 Ba7 19. Nc5 Bxc5 20. dxc5 f6 21. Nxe6 Nxe6 22. f4 d4 23. f5 Qd8 24. Bf2 Nf4 25. Re1 d3 26. Bf1 Ned5 27. Qf3 Re8 28. Bxd3 Nxd3 29. Qxd3 Qd7 30. b4 axb4 31. axb4 Rxa1 32. Rxa1 Rb8 33. Rb1 1/2-1/2

[Event "Zhukovsky Elo-A"]
[Site "Zhukovsky"]
[Date "2008.01.13"]
[Round "7"]
[White "Scheglov, Andrey"]
[Black "Brekhov, Nikolay"]
[Result "0-1"]
[WhiteElo "2164"]
[BlackElo "2224"]
[PlyCount "54"]
[EventDate "2008.01.02"]
[EventType "tourn"]
[EventRounds "9"]
[EventCountry "RUS"]
[SourceTitle "EXT 2010"]
[Source "ChessBase"]
[SourceDate "2010.11.25"]
[SourceVersion "1"]
[SourceVersionDate "2010.11.25"]
[SourceQuality "1"]

1. d4 e6 2. c4 Nf6 3. Nc3 d5 4. Bg5 c6 5. cxd5 exd5 6. e3 h6 7. Bf4 Bd6 8. Bxd6 Qxd6 9. Bd3 0-0 10. Nge2 b6 11. 0-0 Re8 12. Rb1 Ng4 13. Ng3 f5 14. Qf3 g6 15. h4 h5 16. Nce2 Qf6 17. Nf4 Qxh4 18. Rfc1 Qh2+ 19. Kf1 h4 20. Ke2 hxg3 21. Rh1 Qxh1 22. Rxh1 gxf2 23. Nxd5 Na6 24. Ne7+ Rxe7 25. Qxc6 Rxe3+ 26. Kd2 Rxd3+ 27. Kxd3 Nb4+ 0-1

[Event "Zhukovsky Elo-A"]
[Site "Zhukovsky"]
[Date "2008.01.04"]
[Round "3"]
[White "Scheglov, Andrey"]
[Black "Gogonian, Arsen"]
[Result "1-0"]
[WhiteElo "2164"]
[BlackElo "2292"]
[PlyCount "107"]
[EventDate "2008.01.02"]
[EventType "tourn"]
[EventRounds "9"]
[EventCountry "RUS"]
[SourceTitle "EXT 2010"]
[Source "ChessBase"]
[SourceDate "2010.11.25"]
[SourceVersion "1"]
[SourceVersionDate "2010.11.25"]
[SourceQuality "1"]

1. d4 g6 2. e4 Bg7 3. Nf3 d6 4. c4 Bg4 5. Nc3 Nc6 6. d5 Nd4 7. Be3 c5 8. dxc6 Nxc6 9. Qd2 Bxf3 10. gxf3 Qa5 11. Nd5 Qxd2+ 12. Kxd2 Rc8 13. Be2 e6 14. Nc3 Nge7 15. Rhd1 0-0 16. Rac1 f5 17. c5 f4 18. cxd6 fxe3+ 19. fxe3 Rcd8 20. Ke1 Bxc3+ 21. Rxc3 Nc8 22. Bc4 Kf7 23. Ba6 Nxd6 24. Bxb7 Ne5 25. Rc7+ Kg8 26. f4 Rf7 27. Rxf7 Nexf7 28. Bc6 Nc4 29. Rd7 Nxe3 30. Rxa7 Ng2+ 31. Kf2 Nxf4 32. b3 Ne5 33. Bb5 g5 34. a4 Ng4+ 35. Kg3 Nf6 36. Kf3 Rd2 37. h4 gxh4 38. Kxf4 h3 39. Rc7 h2 40. Rc1 Rf2+ 41. Kg3 Nxe4+ 42. Kh3 Rc2 43. Rf1 h1Q+ 44. Rxh1 Nf2+ 45. Kg2 Nxh1+ 46. Kxh1 Kf8 47. Bc4 Ke7 48. a5 Kd6 49. a6 Ra2 50. Bd3 Kc5 51. Kg1 h5 52. Bc4 e5 53. Bf7 h4 54. b4+ 1-0

[Event "Zhukovsky Elo-A+"]
[Site "Zhukovsky"]
[Date "2008.01.02"]
[Round "1"]
[White "Scheglov, Andrey"]
[Black "Zilbert, Oleg"]
[Result "0-1"]
[WhiteElo "2164"]
[BlackElo "2350"]
[PlyCount "116"]
[EventDate "2008.01.02"]
[EventType "tourn"]
[EventRounds "9"]
[EventCountry "RUS"]
[SourceTitle "EXT 2010"]
[Source "ChessBase"]
[SourceDate "2010.11.25"]
[SourceVersion "1"]
[SourceVersionDate "2010.11.25"]
[SourceQuality "1"]

1. d4 e6 2. c4 Nf6 3. Nc3 c5 4. d5 exd5 5. cxd5 d6 6. Bf4 a6 7. a4 g6 8. e3 Nh5 9. Bg3 Nxg3 10. hxg3 Bg7 11. a5 0-0 12. Nf3 Nd7 13. Be2 Re8 14. 0-0 Rb8 15. Nd2 h5 16. Nc4 Ne5 17. Nb6 Bg4 18. Rc1 Bxe2 19. Qxe2 Ng4 20. Nc4 Bh6 21. Qf3 f5 22. Rce1 Ne5 23. Nxe5 Rxe5 24. e4 Qe7 25. Re2 Rf8 26. exf5 Rxe2 27. Nxe2 Rxf5 28. Qd3 Qf7 29. Nc3 Bg7 30. Re1 Bd4 31. Ne4 Qxd5 32. Re2 Kg7 33. Rd2 Re5 34. Nc3 Re1+ 35. Kh2 Qe5 36. Qf3 h4 37. Qxb7+ Kh6 38. Qf3 hxg3+ 39. fxg3 Qh8 40. Qg4 Re5 41. Rxd4 Rh5+ 42. Qxh5+ gxh5 43. Rxd6+ Kg7 44. Rxa6 h4 45. Ra7+ Kg6 46. Re7 hxg3+ 47. Kxg3 Qb8+ 48. Kf3 Qf8+ 49. Ke4 Qxe7+ 50. Kd5 Qd8+ 51. Kxc5 Qxa5+ 52. Kc4 Qc7+ 53. Kb4 Qb7+ 54. Ka3 Qxg2 55. b4 Qc2 56. Na4 Qd3+ 57. Kb2 Kf7 58. Nc5 Qe3 0-1